| 000 | 00675nam a22001937a 4500 | ||
|---|---|---|---|
| 001 | BD-DhSAU 10494 | ||
| 003 | BD-DhSAU | ||
| 005 | 20150627150654.0 | ||
| 008 | 150624b1979 ii ||||r|||| 000 0 ben d | ||
| 040 | _aBD-DhSAU | ||
| 082 |
_222 _a--- _bদাসকা |
||
| 100 | _aদাশ, রাসবিহারী | ||
| 245 |
_aকাণ্টের দর্শন / _cরাসবিহারী দাস |
||
| 260 |
_aকলিকাতা : _bপশ্চিমবঙ্গ রাজ্য পুস্তক পর্ষদ, _c১৯৭৯. |
||
| 300 |
_a৩০৬ পৃ. : _c২৪ সেমি |
||
| 590 | _ajoy | ||
| 650 | _aদর্শন | ||
| 942 |
_2ddc _cBOOK |
||
| 999 |
_c10494 _d10493 |
||